[Event "II Duchamp Open 2018"]
[Site "Rio de Janeiro"]
[Date "2018.11.17"]
[Round "5"]
[White "Manzi, Luiz Antonio Bardar"]
[Black "Menna Barreto, Felipe Kubiaki"]
[Result "0-1"]
[WhiteElo "2047"]
[BlackElo "2342"]
[Annotator "TA"]
[PlyCount "90"]
[EventDate "2018.11.14"]
[EventType "swiss"]
[EventCountry "BRA"]
[SourceTitle "playchess.com"]
[Source "ChessBase"]
[SourceQuality "1"]

{[%evp 23,90,28,25,0,5,-34,-41,-39,-38,-41,-39,-41,-37,-41,-34,-36,-35,-28,-26,-41,-19,-13,-15,-141,-141,-128,-124,-131,-131,-179,-167,-217,-235,-215,-231,-216,-216,-342,-341,-341,-335,-453,-485,-464,-414,-581,-581,-1742,-1777,-1647,-1595,-1264,-681,-1560,-1624,-1103,-791,-697,-652,-29976,-29973,-29977,-29979,-29986,-29987,-29987,-29988,-29988,-29989]} 1. Nf3 g6 2. d4 Bg7 3. c4 c5 4. d5 Nf6 5. Nc3 d6 6. e4 O-O 7. Be2 e6 8. O-O Re8 9. Bg5 h6 10. Bh4 exd5 11. exd5 g5 {E91: King's Indian: Classical: 6 Be2, unusual replies including 6...c5 and 6...Bg4} 12. Bg3 Nh5 {LiveBook: 3 Games} 13. Nd2 Nxg3 {The position is equal.} 14. hxg3 Nd7 15. Rc1 $146 ({Predecessor:} 15. Nde4 Ne5 16. f4 gxf4 17. Rxf4 Ng6 18. Rf1 Bd4+ 19. Kh1 {0-1 (45) Van Halderen,H (2062)-Horvath,C (2507) Leiden 2012}) 15... Ne5 16. Nf3 Bf5 17. Nxe5 Bxe5 18. Bd3 Qf6 19. Bxf5 Qxf5 20. Qh5 Kg7 21. Nb5 {Strongly threatening Nc7.} Qd7 22. f4 Bf6 ({Wrong is} 22... Bxb2 $2 23. Rb1 $18) 23. Rce1 (23. fxg5 $11 Bxg5 24. Rc3) 23... Rxe1 $17 24. Rxe1 a6 $1 $36 {[%cal Ra6b5][%mdl 2048] Keeping White busy.} 25. Nc3 {[#]} Re8 $1 {[%cal Re8e1]} 26. Rxe8 Qxe8 27. Qf3 Qe1+ 28. Kh2 Bd4 {...Qg1+ is the strong threat.} 29. fxg5 hxg5 {[%cal Bh6g5,Bg5g4][%mdl 32]} 30. Qf5 {[#]} (30. a4 $142) 30... Qe5 $1 $19 {[%cal Re5f5]} 31. Qxe5+ Bxe5 {[%mdl 4096] Endgame KB-KN} 32. Ne4 Kg6 33. b3 Kf5 34. Nf2 (34. Nd2 $142 g4 35. Kg1) 34... g4 35. a3 Bd4 36. Nd3 Ke4 37. Nf4 Be5 38. b4 Kd4 39. bxc5 Kxc5 40. Nd3+ Kd4 41. Nb4 Kxc4 {Black mates.} 42. Kg1 a5 43. Nc2 Kd3 44. Ne1+ Ke2 45. Nc2 Kd2 {[%mdl 64] Trapped Piece. Accuracy: White = 32%, Black = 88%.} 0-1

[Event "II Duchamp Open 2018"]
[Site "Rio de Janeiro"]
[Date "2018.11.17"]
[Round "5"]
[White "Okamura, Milton Kasuo"]
[Black "Chang, Suzana"]
[Result "0-1"]
[WhiteElo "2038"]
[BlackElo "1968"]
[Annotator "NA RC"]
[PlyCount "78"]
[EventDate "2018.11.14"]
[EventType "swiss"]
[EventCountry "BRA"]
[SourceTitle "playchess.com"]
[Source "ChessBase"]
[SourceQuality "1"]
[TimeControl "5400+30"]

{[%evp 20,78,76,60,76,32,39,32,52,50,84,79,63,52,45,39,41,1,38,-107,32767,-156,-91,-302,-277,-261,32767,-252,-173,-160,-99,-106,-90,-252,-170,-277,-303,-304,-119,-291,-317,32767,32767,32767,32767,32767,-403,-416,-410,-445,-469,-470,-480,-518,-426,-517,-514,-681,-644,-917,-670]} 1. d4 {[%emt 0:00:00]} Nf6 {[%emt 0:00:00]} 2. c4 {[%emt 0:00:00]} g6 {[%emt 0:00:00]} 3. Nc3 {[%emt 0:00:00]} Bg7 {[%emt 0:00:00]} 4. e4 {[%emt 0:00:19]} d6 {[%emt 0:00:00]} 5. Nf3 {[%emt 0:00:09]} O-O {[%emt 0:00:09]} 6. Be2 {[%emt 0:00:13]} Na6 {[%emt 0:00:10]} 7. O-O {[%emt 0:00:29]} e5 {[%emt 0:00:10]} 8. Be3 {[%emt 0:01:07]} Ng4 {[%emt 0:00:46]} 9. Bg5 {[%emt 0:00:30]} Qe8 {[%emt 0:00:57]} 10. d5 {[%emt 0:02:53]} h6 {[%emt 0:11:09] E94: King's Indian: Classical: 6 Be2 e5 7 0-0: Various Black 7th moves} (10... f6 11. Bd2 f5 12. Ne1 Nf6 13. f3 f4 14. Nd3 g5 15. c5 Nxc5 16. Nxc5 dxc5 17. Nb5 Qe7 18. Bc3 {0-1 (49) Shen,Y (2468)-Huang,Q (2449) Tianjin 2018}) 11. Bd2 {[%emt 0:09:50]} f5 {[%emt 0:00:31]} 12. Ne1 {[%emt 0:02:44]} (12. exf5 $16 gxf5 13. Nh4) 12... Nf6 {[%emt 0:00:19] LiveBook: 6 Games} 13. f3 {[%emt 0:00:20]} f4 {[%emt 0:11:27]} 14. Nd3 {[%emt 0:00:51]} Rf7 {[%emt 0:00:07]} 15. b4 $146 {[%emt 0:00:48]} ({Predecessor:} 15. Rc1 g5 16. b4 Bf8 17. h3 h5 18. a3 {½-½ (33) Bacso,G (2181)-Mede,I (2272) Hungary 2009}) 15... Bf8 {[%emt 0:00:09]} 16. Be1 {[%emt 0:02:43]} g5 {[%emt 0:01:00]} 17. Bf2 {[%emt 0:00:53]} Rg7 {[%emt 0:00:21]} 18. c5 {[%emt 0:02:26]} Qh5 {[%emt 0:02:57]} 19. Qe1 $2 {[%emt 0:10:43]} (19. c6 $16 {and life is bright.}) 19... g4 {[%emt 0:15:43]} 20. Bh4 {[%emt 0:26:57]} g3 {[%emt 0:01:45]} 21. Bxg3 $2 {[%emt 0:00:17]} (21. hxg3 $17 fxg3 22. Bxg3) 21... fxg3 {[%emt 0:00:24]} 22. hxg3 {[%emt 0:00:07]} Qg6 {[%emt 0:07:56]} 23. Rc1 {[%emt 0:03:30]} (23. c6 $17 {keeps fighting.}) 23... Nh5 {[%emt 0:04:12]} 24. g4 {[%emt 0:02:36]} Nf4 {[%emt 0:01:14]} 25. Nxf4 {[%emt 0:01:00]} exf4 {[%emt 0:00:08]} 26. Qf2 $2 {[%emt 0:01:13]} (26. e5 $17) 26... dxc5 {[%emt 0:02:23]} 27. b5 {[%emt 0:00:40]} (27. Bxa6 Qxa6) (27. e5 $17 {was necessary.}) 27... Nb8 {[%emt 0:00:35]} 28. e5 {[%emt 0:02:12]} h5 {[%emt 0:02:58]} (28... Nd7 $19 {has better winning chances.} 29. e6 Ne5) 29. Ne4 $2 {[%emt 0:00:54]} (29. e6 $17) 29... Nd7 {[%emt 0:01:45]} 30. e6 {[%emt 0:02:57]} Nf6 {[%emt 0:02:13]} 31. Nxf6+ {[%emt 0:01:33]} Qxf6 {[%emt 0:00:06]} 32. gxh5 {[%emt 0:00:25]} Qg5 {[%emt 0:04:30]} 33. Bc4 {[%emt 0:00:20]} Bd6 {[%emt 0:00:38]} 34. Rfe1 {[%emt 0:00:37]} b6 {[%emt 0:02:27]} 35. Rc2 {[%emt 0:02:18]} Bb7 {[%emt 0:00:15]} 36. Qd2 {[%emt 0:01:46]} Re8 {[%emt 0:01:31]} 37. a4 {[%emt 0:01:18]} Qxh5 {[%emt 0:01:14]} 38. a5 {[%emt 0:01:27]} Rg5 {[%emt 0:03:38]} 39. Rd1 {[%emt 0:00:23]} Qxf3 $19 {[%emt 0:03:51]} 0-1

[Event "II Duchamp Open 2018"]
[Site "Rio de Janeiro"]
[Date "2018.11.17"]
[Round "5"]
[White "Fucs, Paulo Moses"]
[Black "Bomfim, Carlos B Campos Roc"]
[Result "1-0"]
[WhiteElo "2016"]
[BlackElo "1920"]
[Annotator "NA RC"]
[PlyCount "105"]
[EventDate "2018.11.14"]
[EventType "swiss"]
[EventCountry "BRA"]
[SourceTitle "playchess.com"]
[Source "ChessBase"]
[SourceQuality "1"]
[TimeControl "5400+30"]

{[%evp 8,105,75,32767,32767,32767,32767,32767,32767,32767,32767,32767,32767,87,85,39,62,-11,-15,-12,-4,-5,0,0,32,38,31,51,32767,32767,45,35,68,0,36,26,56,44,32767,32767,32767,32767,32767,53,62,51,50,52,39,49,111,109,260,259,304,32767,32767,260,250,32767,260,260,275,299,304,293,363,32767,32767,32767,32767,265,382,450,577,344,683,420,799,831,963,742,835,970,2148,1314,2717,3282,5608,6095,29953,5222,11972,29975,29987,29958,29993,1133,29992,29993]} 1. e4 {[%emt 0:00:00]} e5 {[%emt 0:01:07]} 2. Nf3 {[%emt 0:00:00]} Qe7 {[%emt 0:00:29]} 3. Nc3 {[%emt 0:00:56]} c6 {[%emt 0:00:37]} 4. d4 {[%emt 0:01:15]} d6 {[%emt 0:00:03]} 5. dxe5 {[%emt 0:02:31] C41: Philidor Defence} (5. a4 Nf6 6. Be2 h6 7. h3 Qc7 8. Be3 Be7 9. O-O O-O 10. Re1 Re8 11. Bc4 Nbd7 12. Ba2 Nf8 13. Qd2 Be6 14. d5 Bd7 15. Rad1 c5 16. Nxe5 dxe5 17. d6 Bxd6 18. Qxd6 Qxd6 19. Rxd6 Be6 20. Bxc5 Bxa2 21. Nxa2 {0-1 (72) Sanal,V (2551)-Fedoseev,V (2718) Riadh 2017}) 5... dxe5 {[%emt 0:00:03]} 6. Bc4 {[%emt 0:02:04]} g6 {[%emt 0:00:13]} 7. Ng5 {[%emt 0:03:16]} Nh6 {[%emt 0:00:22]} 8. O-O {[%emt 0:01:58]} Bg7 {[%emt 0:00:23]} 9. a4 $146 {[%emt 0:01:23]} ({Predecessor:} 9. h3 O-O 10. Nf3 Kh8 11. Re1 Ng8 12. Bg5 f6 13. Bh4 Nd7 14. a4 a5 15. Qe2 Nc5 16. Rad1 Qc7 17. b3 Ne6 18. Bg3 {½-½ (18) Valencia de Loma,S (1689)-Camacho Casado,D (1899) Madrid 2016}) 9... O-O {[%emt 0:00:19]} 10. Qe2 {[%emt 0:03:44]} Nd7 {[%emt 0:02:46]} 11. Kh1 {[%emt 0:01:57]} (11. h3 $16) 11... Kh8 {[%emt 0:02:31]} 12. f4 {[%emt 0:01:59]} ({White should play} 12. Rd1 $14) 12... exf4 {[%emt 0:04:30]} 13. Bxf4 {[%emt 0:00:23]} Ne5 {[%emt 0:00:24]} 14. Bb3 {[%emt 0:02:39]} Bg4 {[%emt 0:05:44]} 15. Qe3 {[%emt 0:02:19]} Rae8 {[%emt 0:01:25]} 16. Rae1 {[%emt 0:04:03]} Bc8 {[%emt 0:02:12]} 17. Qxa7 {[%emt 0:02:36]} Nhg4 {[%emt 0:03:18]} 18. Qg1 {[%emt 0:02:50]} Bh6 {[%emt 0:32:03]} 19. Nh3 {[%emt 0:01:54]} Bxf4 {[%emt 0:06:20]} 20. Rxf4 {[%emt 0:00:17]} ({White should try} 20. Nxf4 $14 Qh4 21. h3) 20... g5 {[%emt 0:01:42]} 21. Rff1 {[%emt 0:01:31]} h5 {[%emt 0:01:06]} 22. Nd1 {[%emt 0:03:01]} Rg8 {[%emt 0:01:42]} 23. Nhf2 {[%emt 0:03:40]} Nh6 {[%emt 0:01:32]} 24. Nd3 {[%emt 0:02:02]} Rg7 {[%emt 0:04:49]} 25. Qc5 {[%emt 0:03:39]} (25. N1f2 $16) 25... Qxc5 {[%emt 0:04:31]} 26. Nxc5 {[%emt 0:00:13]} b6 {[%emt 0:00:56]} 27. Nd3 {[%emt 0:00:29]} Ba6 $1 {[%emt 0:01:08]} 28. N1f2 {[%emt 0:04:42]} c5 {[%emt 0:00:23]} (28... g4 $14) 29. Bd5 {[%emt 0:01:28]} Ng6 {[%emt 0:02:59]} (29... h4 $16 {keeps fighting.} 30. h3 f6) 30. c4 {[%emt 0:00:31]} Nf8 {[%emt 0:01:02]} 31. b3 {[%emt 0:01:09]} Ne6 {[%emt 0:00:19]} 32. Bxe6 {[%emt 0:03:35]} Rxe6 33. a5 Rgg6 {[%emt 0:03:27]} 34. Ra1 {[%emt 0:01:48]} bxa5 {[%emt 0:00:50]} 35. Rxa5 {[%emt 0:00:21]} Rb6 {[%emt 0:01:33]} 36. Nxc5 {[%emt 0:00:30]} Kg7 {[%emt 0:00:27]} 37. Nxa6 {[%emt 0:01:18]} Rxa6 {[%emt 0:00:01]} 38. Rxa6 {[%emt 0:00:11]} Rxa6 {[%emt 0:00:04]} 39. Rb1 {[%emt 0:00:29]} Kf6 {[%emt 0:01:13]} (39... Ng8 {was called for.} 40. b4 Nf6) 40. b4 {[%emt 0:00:22]} Ra4 {[%emt 0:00:25]} 41. Nd3 {[%emt 0:00:24]} Ke7 $2 {[%emt 0:01:01]} (41... Ra3 42. Nc5 Ng4) 42. Nc5 {[%emt 0:00:30]} Ra7 {[%emt 0:00:25]} (42... Ra2 $142 43. h3 Kd6 44. Rd1+ Ke7 45. Rd7+ Kf8) 43. b5 {[%emt 0:00:18]} Kd6 {[%emt 0:01:21]} 44. Nd3 {[%emt 0:01:05]} Rb7 {[%emt 0:01:19]} 45. c5+ {[%emt 0:00:40]} Kc7 {[%emt 0:00:25]} 46. Ne5 {[%emt 0:01:05]} f6 {[%emt 0:01:20]} 47. b6+ {[%emt 0:00:42] Decoy} Kb8 {[%emt 0:01:40]} 48. Nc6+ {[%emt 0:00:38]} Kc8 {[%emt 0:01:07]} 49. Na7+ {[%emt 0:00:14]} Kb8 {[%emt 0:00:28]} 50. c6 {[%emt 0:00:11]} Re7 {[%emt 0:00:46]} 51. Rd1 {[%emt 0:00:42]} Re8 {[%emt 0:00:26] [#]} 52. Rd8+ $18 {[%emt 0:00:12]} Rxd8 {[%emt 0:00:22]} 53. c7+ {[%emt 0:00:10] Double Attack} 1-0

[Event "II Duchamp Open 2018"]
[Site "Rio de Janeiro"]
[Date "2018.11.17"]
[Round "5"]
[White "Nascimento, Pedro Henrique Alve"]
[Black "Souza, Wellington"]
[Result "0-1"]
[WhiteElo "2007"]
[BlackElo "2120"]
[Annotator "TA"]
[PlyCount "128"]
[EventDate "2018.11.14"]
[EventType "swiss"]
[EventCountry "BRA"]
[SourceTitle "playchess.com"]
[Source "ChessBase"]
[SourceQuality "1"]

{[%evp 10,128,-25,-17,8,17,26,28,10,0,12,0,39,11,22,16,31,4,1,-4,45,0,0,0,7,0,76,-25,0,-3,0,-7,0,-8,11,10,14,14,16,17,16,3,22,0,22,16,25,5,5,8,11,8,21,4,12,10,20,0,0,0,0,-3,0,0,17,20,28,0,8,9,26,0,10,10,29,39,24,27,81,63,92,0,0,0,0,-345,-297,-592,-363,-903,-854,-834,-817,-598,-584,-1777,-1689,-588,-1928,-1758,-1735,-1447,-1345,-6095,-7432,-4610,-591,-29979,-29980,-29980,-29981,-29981,-29982,-29979,-29970,-29986,-29987,-29987,-29988,-29988,-29989]} 1. d4 Nf6 2. Bg5 Ne4 3. Bf4 d5 4. f3 Nf6 5. e4 dxe4 6. Nc3 e6 {A45: Trompowsky Attack} (6... Bf5 7. g4 Bg6 8. fxe4 Nxe4 9. Bg2 e5 10. Nxe4 exf4 11. Qe2 Be7 12. O-O-O O-O 13. Nc5 c6 14. Nxb7 {1-0 (82) Makhmutov,R (2428)-Martinez Alcantara,J (2448) Sitges 2014}) 7. fxe4 Bb4 8. Qd3 c5 {White has an edge.} 9. dxc5 Qxd3 10. cxd3 Nbd7 $146 ({Predecessor:} 10... Bxc5 11. Nb5 Na6 12. a3 Bb6 13. Nd6+ Ke7 14. Nc4 {1-0 (27) Villar Nieves,A (2177)-Guaza Garcia,J (1990) Vilagarcia de Arousa 2006}) 11. a3 Bxc3+ 12. bxc3 {Black should prevent Bd6.} Nxc5 13. Bd6 b6 14. Nf3 Kd7 15. Bxc5 (15. Bg3 {seems wilder.} Ba6 16. Rd1 Ke7 17. Be2 Nh5 18. Bh4+) 15... bxc5 16. Ne5+ Ke7 17. Rb1 Ba6 (17... Nd7 $11 18. Nc6+ Kd6) 18. c4 (18. d4 $16 Bc8 19. Bd3 (19. dxc5 Nxe4 {[%mdl 64] Double Attack} 20. g3 f5 $11)) 18... Nd7 (18... Rhf8 {is interesting.} 19. Be2 Kd6 20. Nf3 Nd7 21. Kd2 Rab8) 19. Nxd7 Kxd7 20. Be2 Rab8 21. Kd2 Kc7 22. e5 Rxb1 (22... f6 {feels hotter.} 23. exf6 gxf6 24. a4 f5 25. Bf3 e5) 23. Rxb1 $11 {[%mdl 4096] Endgame KRB-KRB} Rb8 24. Rf1 Rf8 25. Bg4 {next Bxe6! is good for White.} Kd7 26. Kc3 f5 27. exf6 gxf6 28. Bd1 Bb7 29. Bf3 Bxf3 30. Rxf3 {KR-KR} e5 31. Rg3 Rf7 32. Rg8 Ke6 33. h4 f5 34. Kd2 Kf6 35. Rc8 Rg7 36. Rc6+ Kf7 37. Rxc5 Rxg2+ 38. Ke3 Ke6 39. Rc6+ Kd7 40. Ra6 Rg3+ 41. Ke2 Rg2+ 42. Kf3 Rd2 43. Ke3 Ra2 (43... Rh2 $11 {keeps the balance.}) 44. Rxa7+ $16 Ke6 {[#]} 45. a4 (45. Ra6+ $1 $16 Ke7 46. Ra7+ Ke6 47. Rxh7) 45... f4+ $11 46. Kf3 Rd2 $1 {[%cal Rd2d3]} 47. Rxh7 $2 {[%mdl 8192]} (47. Ra6+ $11 {and White has nothing to worry.} Kf5 48. Rd6) 47... Rxd3+ $19 48. Ke2 $2 (48. Kg2 {was the only defense.} Rg3+ 49. Kf1) 48... Ra3 49. Ra7 $2 {[#]} (49. Rh6+ Kf5 50. c5) 49... f3+ 50. Kf2 e4 51. Ra8 Ke5 52. Re8+ Kd4 53. Rd8+ Kxc4 54. Rc8+ Kd4 55. Rd8+ Ke5 56. Kg3 Rxa4 57. h5 Ra6 (57... Ra1 $142 58. Kf2 Ra2+ 59. Kg3 Rg2+ 60. Kh3 e3 61. Re8+ Kf4) 58. Kf2 Ra2+ {Black mates.} 59. Kg3 Rg2+ 60. Kh3 Rg1 61. Rf8 Kd4 62. Rf6 Ke3 63. h6 f2 64. h7 f1=Q+ {Accuracy: White = 30%, Black = 49%.} 0-1

[Event "II Duchamp Open 2018"]
[Site "Rio de Janeiro"]
[Date "2018.11.17"]
[Round "5"]
[White "Peixoto, Rudson Marinho"]
[Black "Guimaraes, Diogo Duarte"]
[Result "0-1"]
[WhiteElo "2007"]
[BlackElo "2272"]
[Annotator "TA"]
[PlyCount "104"]
[EventDate "2018.11.14"]
[EventType "swiss"]
[EventCountry "BRA"]
[SourceTitle "playchess.com"]
[Source "ChessBase"]
[SourceQuality "1"]

{[%evp 19,104,32,27,0,0,-16,-23,-16,-9,-25,27,-30,-28,-20,0,-70,-76,-72,-24,-8,0,-39,35,-10,0,-14,0,0,0,-17,0,-82,-58,-91,-96,-87,-92,-98,-27,-32,23,5,31,26,33,45,44,13,25,35,40,33,62,70,66,0,0,0,0,0,0,0,0,0,0,0,0,0,0,0,0,-320,-320,-239,-165,-201,-181,-1689,-1547,-4133,-5202,-29964,-29963,-12819,-10812,-4133,-1743]} 1. e4 e5 2. Nf3 Nc6 3. Bb5 Nf6 4. d3 Bc5 5. O-O O-O 6. Bg5 {C65: Ruy Lopez: Berlin Defence (3...Nf6), unusual lines and 4 0-0 Bc5} h6 7. Bh4 g5 8. Bg3 d6 9. c3 a6 10. Bxc6 bxc6 {LiveBook: 3 Games} 11. d4 Bb6 12. dxe5 $146 ({Predecessor:} 12. Re1 exd4 13. cxd4 d5 14. e5 Ne4 15. Nc3 {1-0 (32) Morozevich,A (2656)-Belyakov,B (2458) Cheliabinsk 2018}) 12... Nxe4 13. exd6 cxd6 14. Nbd2 d5 (14... Nxg3 $142 15. hxg3 Rb8) 15. Qa4 (15. Nxe4 $142 dxe4 16. Ne5) 15... Nxg3 $11 16. hxg3 Qc7 17. Kh2 ({White should try} 17. Rac1 $11) 17... Bd7 $15 18. Qc2 c5 19. Rfe1 Rfe8 20. Nf1 Qd6 ({Better is} 20... g4 $15 21. Nh4 d4) 21. Rad1 Rxe1 22. Rxe1 d4 23. Ne5 Be6 24. f4 Rd8 25. Rd1 (25. Nd2 $11 {keeps the balance.}) 25... Qc7 $17 26. Qe2 dxc3 27. bxc3 Rxd1 28. Qxd1 gxf4 ({Of course not} 28... Bxa2 $6 29. Qh5 $11) (28... Qd8 $17 29. Qe1 Kg7) 29. gxf4 $11 f6 ({Black should play} 29... Qd8 $15 30. Qh5 Qf6) 30. Qh5 fxe5 31. Qg6+ Kf8 {[#] Threatens to win with ...Qf7.} 32. Qxe6 exf4 33. Qxh6+ Ke7 34. Nd2 Ba5 35. Qg7+ Ke6 36. Qg6+ Kd7 37. Ne4 (37. Qd3+ $14 Ke8 38. Nc4 (38. Qxa6 Bxc3 39. Qg6+ Qf7 $11)) 37... Qe5 38. Qf7+ Kc6 39. Qc4 Bb6 40. Kg1 ({Not} 40. Qxa6 $2 f3+ 41. Kh3 f2 $17) 40... Qd5 41. Qa4+ Kc7 {[#] Strongly threatening ...c4+.} 42. Qe8 c4+ 43. Kh2 Kb7 44. Nf6 Qd6 45. Qd7+ $2 {[%mdl 8192]} (45. Qe4+ $11 {and White is okay.} Ka7 46. Qh7+ Kb8 47. Qg8+ Kb7 48. Qf7+ Qc7 49. Qd5+ Qc6 50. Qf7+ Qc7 51. Qd5+ Qc6 52. Qf7+ Qc7) 45... Qxd7 $19 46. Nxd7 {[%mdl 4096] Endgame KB-KN} Bc7 47. Kh3 Kc6 48. Nf6 $2 (48. Nf8) 48... Be5 49. Nh5 Kd5 50. Kg4 Ke4 51. a3 Bxc3 52. Nxf4 Bd2 {Accuracy: White = 33%, Black = 54%.} (52... Bb2 $142 53. Ne2 Ke3) 0-1

[Event "II Duchamp Open 2018"]
[Site "Rio de Janeiro"]
[Date "2018.11.17"]
[Round "5"]
[White "Pimentel, Rafael Favarin G."]
[Black "Campos, Alexandre Ferreira"]
[Result "1/2-1/2"]
[WhiteElo "1886"]
[BlackElo "2076"]
[Annotator "NA RC"]
[PlyCount "129"]
[EventDate "2018.11.14"]
[EventType "swiss"]
[EventCountry "BRA"]
[SourceTitle "playchess.com"]
[Source "ChessBase"]
[SourceQuality "1"]
[TimeControl "5400+30"]

{[%evp 12,129,12,32767,32767,32767,32767,83,73,54,54,45,56,-3,0,-7,-3,-47,-49,-60,-12,-10,-9,-19,0,32767,-40,-77,-90,-85,-84,-74,-83,-78,32767,-104,-82,32767,32767,-76,-74,-86,-72,-99,-114,-107,-127,-132,32767,32767,32767,32767,-145,-142,-135,-137,-141,-140,-113,-134,-83,-101,32767,-5,-18,-139,-139,-153,-133,-156,-110,-99,0,0,0,0,0,0,0,0,0,0,0,0,0,0,0,0,0,0,0,0,0,0,0,0,0,0,0,0,0,0,0,0,0,0,0,0,0,0,329,0,0,0,0,0,0,0,0,0]} 1. d4 {[%emt 0:00:00]} Nf6 {[%emt 0:00:00]} 2. c4 {[%emt 0:00:00]} e6 {[%emt 0:00:07]} 3. Nc3 {[%emt 0:00:00]} c5 {[%emt 0:00:21]} 4. Nf3 {[%emt 0:01:29]} cxd4 {[%emt 0:00:52]} 5. Nxd4 {[%emt 0:00:11]} Nc6 {[%emt 0:00:06]} 6. Bg5 {[%emt 0:01:15]} Bc5 {[%emt 0:02:09] LiveBook: 3 Games A33: Symmetrical English: 2 Nf3 Nf6 3 d4 cxd4 4 Nxd4 e6 5 Nc3 Nc6} (6... Be7 7. e3 O-O 8. Be2 h6 9. Bh4 d5 10. cxd5 exd5 11. O-O Be6 12. Rc1 Qd7 13. Nxe6 fxe6 14. Bd3 Rad8 15. Bb1 Qe8 {1-0 (40) Wojtaszek,R (2749)-Radjabov,T (2710) Doha 2016}) 7. e3 {[%emt 0:01:07]} Qb6 {[%emt 0:04:10]} 8. Nb3 {[%emt 0:01:04]} Bb4 {[%emt 0:03:12]} 9. Bxf6 {[%emt 0:14:49]} gxf6 {[%emt 0:00:11]} 10. Qc2 $146 {[%emt 0:02:12]} ({Predecessor:} 10. Rc1 Na5 11. c5 Bxc5 12. Nxc5 Qxc5 13. Qd2 Nc4 14. Bxc4 Qxc4 {1-0 (66) Roiz,M (2605)-Fernandez,F (2410) Baku 2016}) 10... Bxc3+ {[%emt 0:01:12]} 11. Qxc3 {[%emt 0:01:03]} Qb4 {[%emt 0:00:03]} 12. Be2 {[%emt 0:05:12]} Qxc3+ {[%emt 0:00:40]} 13. bxc3 {[%emt 0:00:01]} b6 {[%emt 0:00:46]} 14. Rd1 {[%emt 0:03:03]} Ke7 {[%emt 0:00:30]} 15. f3 {[%emt 0:01:31]} d6 {[%emt 0:00:21]} 16. Nd4 {[%emt 0:02:23]} Bb7 {[%emt 0:06:07]} 17. Kf2 {[%emt 0:01:15]} Rac8 {[%emt 0:01:06]} 18. g4 {[%emt 0:02:47]} Rhd8 {[%emt 0:00:24]} 19. Nxc6+ {[%emt 0:09:28]} Rxc6 {[%emt 0:00:59]} 20. Rb1 {[%emt 0:00:08]} Rc5 {[%emt 0:02:03]} 21. Rb5 {[%emt 0:03:01]} Rdc8 22. Rhb1 {[%emt 0:00:23]} Ba6 {[%emt 0:04:59]} 23. Rxc5 {[%emt 0:02:14]} Rxc5 {[%emt 0:00:04]} 24. Rb4 {[%emt 0:00:12]} Ra5 {[%emt 0:00:15]} 25. a4 {[%emt 0:00:28]} Bb7 {[%emt 0:03:51]} 26. Bd1 {[%emt 0:01:35]} Rc5 {[%emt 0:01:35]} 27. Be2 {[%emt 0:06:31]} Bc6 {[%emt 0:00:37]} 28. Ke1 {[%emt 0:00:28]} Kd7 {[%emt 0:00:15]} 29. f4 {[%emt 0:09:05]} Kc7 {[%emt 0:03:54]} 30. h4 {[%emt 0:05:25]} a5 {[%emt 0:00:56]} 31. Kd2 {[%emt 0:06:01]} f5 {[%emt 0:04:54]} ({Don't play} 31... axb4 $6 32. cxb4 f5 33. bxc5 $11) 32. g5 {[%emt 0:00:42]} Bd7 {[%emt 0:06:09]} ({Don't do} 32... axb4 33. cxb4 Bxa4 34. bxc5 $15) 33. Rb1 {[%emt 0:02:03]} Bxa4 {[%emt 0:00:17]} 34. h5 {[%emt 0:00:21]} Bc6 {[%emt 0:02:10]} 35. h6 {[%emt 0:00:48]} a4 {[%emt 0:00:19]} (35... Kb7 $142 36. Ra1 Be4) 36. Rg1 {[%emt 0:02:44]} a3 {[%emt 0:04:41]} 37. Ra1 {[%emt 0:03:04]} Ra5 {[%emt 0:00:22]} 38. Bh5 {[%emt 0:01:21] [#]} (38. Kc2 $1 $11) 38... Be8 $1 {[%emt 0:00:23]} 39. Kc2 {[%emt 0:00:10] [#]} Kc6 $1 {[%emt 0:03:25]} 40. Kb3 {[%emt 0:04:35]} Kc5 {[%emt 0:00:22]} 41. Be2 {[%emt 0:00:11]} b5 $2 {[%emt 0:09:30]} (41... Ba4+ $19 42. Ka2 d5 43. cxd5 Kxd5) 42. Rxa3 {[%emt 0:01:44]} bxc4+ {[%emt 0:00:19]} 43. Ka2 {[%emt 0:00:17]} Rxa3+ {[%emt 0:04:09]} 44. Kxa3 {[%emt 0:00:11]} e5 {[%emt 0:00:17]} 45. Kb2 {[%emt 0:03:33]} exf4 {[%emt 0:00:27]} 46. exf4 {[%emt 0:00:02]} d5 {[%emt 0:00:23]} 47. Kc2 {[%emt 0:01:44]} d4 {[%emt 0:01:11]} 48. Bf3 {[%emt 0:02:08]} d3+ {[%emt 0:00:51]} 49. Kd2 {[%emt 0:00:11]} f6 {[%emt 0:07:47]} 50. gxf6 {[%emt 0:00:21]} Kd6 {[%emt 0:00:36]} 51. Bb7 {[%emt 0:00:08]} Bf7 $1 {[%emt 0:00:56]} 52. Bc8 {[%emt 0:00:13]} Be6 $1 {[%emt 0:02:33]} 53. f7 {[%emt 0:00:25]} Bxf7 {[%emt 0:00:54]} 54. Bxf5 {[%emt 0:00:17]} Bg8 {[%emt 0:00:19]} 55. Ke3 {[%emt 0:00:25]} Ke7 {[%emt 0:00:41]} 56. Be4 {[%emt 0:02:13]} Kf6 {[%emt 0:00:18]} 57. Kd2 {[%emt 0:00:09]} Ke6 {[%emt 0:01:12]} 58. Ke3 {[%emt 0:00:10]} Kd6 {[%emt 0:00:02]} 59. Kd2 {[%emt 0:00:09]} Kc5 {[%emt 0:00:36]} 60. Ke3 {[%emt 0:00:17]} Kb5 {[%emt 0:00:29] [#]} 61. Kd2 $2 {[%emt 0:00:24]} (61. f5 $1 $18) 61... Kc5 {[%emt 0:00:46]} 62. Ke3 {[%emt 0:00:13]} Kd6 {[%emt 0:00:01]} 63. Kd2 {[%emt 0:00:09]} Ke6 {[%emt 0:03:43]} 64. Ke3 {[%emt 0:00:06]} Kf6 $11 {[%emt 0:00:12]} 65. Kd2 {[%emt 0:00:18] Ke5} 1/2-1/2